<?xml version="1.0" encoding="UTF-8"?>
<record
    xmlns:xsi="http://www.w3.org/2001/XMLSchema-instance"
    xsi:schemaLocation="http://www.loc.gov/MARC21/slim http://www.loc.gov/standards/marcxml/schema/MARC21slim.xsd"
    xmlns="http://www.loc.gov/MARC21/slim">

  <leader>02097nam a2200301Ia 4500</leader>
  <controlfield tag="001">E0168</controlfield>
  <controlfield tag="003">IT-RoPAU</controlfield>
  <controlfield tag="008">130308s9999    xx            000 0 und d</controlfield>
  <datafield tag="040" ind1=" " ind2=" ">
    <subfield code="a">IT-RoPAU</subfield>
  </datafield>
  <datafield tag="040" ind1=" " ind2=" ">
    <subfield code="c">IT-RoPAU</subfield>
  </datafield>
  <datafield tag="041" ind1=" " ind2=" ">
    <subfield code="a">ITALIANO</subfield>
  </datafield>
  <datafield tag="100" ind1=" " ind2=" ">
    <subfield code="a">AA.VV.</subfield>
  </datafield>
  <datafield tag="100" ind1=" " ind2=" ">
    <subfield code="g">Codice Aut. SPICS: 12000</subfield>
  </datafield>
  <datafield tag="245" ind1=" " ind2=" ">
    <subfield code="a">Enciclopedia Einaudi (Volume Quindicesimo: Sistematica)</subfield>
  </datafield>
  <datafield tag="245" ind1=" " ind2=" ">
    <subfield code="b">Enciclopedia Einaudi (Volume Quindicesimo: Sistematica)</subfield>
  </datafield>
  <datafield tag="250" ind1=" " ind2=" ">
    <subfield code="a">1a ed.</subfield>
  </datafield>
  <datafield tag="260" ind1=" " ind2=" ">
    <subfield code="a">TORINO</subfield>
  </datafield>
  <datafield tag="260" ind1=" " ind2=" ">
    <subfield code="b">Einaudi</subfield>
  </datafield>
  <datafield tag="260" ind1=" " ind2=" ">
    <subfield code="c">1992 [1&#xB0; Ed.:1992 - Ed.Ling.Originale:1992]</subfield>
  </datafield>
  <datafield tag="300" ind1=" " ind2=" ">
    <subfield code="a">"1172 p. (prefazione: 24; testo: 1148)"</subfield>
  </datafield>
  <datafield tag="500" ind1=" " ind2=" ">
    <subfield code="a">Premessa di Ruggiero Romano. Sistematica Locale: Anthropos, Argomentazione, Arti, Calcolo, Capitale, Cervello, Civilt&#xE0;, Classi, Cognizione, Combinatoria, Comunicazione, Concetto, Conoscenza, Corpo, Creativit&#xE0;, Cultura Materiale, Dialettica, Domesticamento, Eccedente, Enunciazione, Eredit&#xE0;, Esoterico/Essoterico, Evoluzione, Filosofia, Fisica, Generazioni, geometria e topologia, Giustizia, Guerra, Homo, Inconscio, Letteratura, Linguaggio, Locale, Logica, Macchina, Materia, Memoria, Metodo, Modo di Produzione, Mythos/Logos, Natura, Normale/Anormale, Orale/Scritto, Organico/Inorganico, Organismo, Parentela, Politica, Probabilit&#xE0;, Produzione/Distribuzione, Regione, Religione, Rito, Sacro/Profano, Segno, Sistema, Societ&#xE0;, Soma/Psiche, Spiegazione, Stato, Storia, strutture Matematiche, Sviluppo/Sottosviluppo, Tempo/Temporalit&#xE0;, Teoria/Modello, testo , tolleranza/Intolleranza, tonale/Atonale, Tradizioni, Universo, Uomo, Visione, Vita/Morte. Ricoprimenti Tematici:Proiezioni dell'Antropologia, le vie della Forma, Dalla Biologia Alla Filosofia, I Paradossi dell'Esperienza, ipotesiCalcoli e Conoscenza, Dall'Economia Alla Storia, Lo Stato Il Grande Modello?, Unit&#xE0; delle Matematiche, Natura Storia e Conoscenza, L'Aporia Fondatrice delle Matematiche. 24 Illustrazioni con Relative Note.</subfield>
  </datafield>
  <datafield tag="650" ind1=" " ind2=" ">
    <subfield code="a">OPERE varie DI CULTURA GENERALE</subfield>
  </datafield>
  <datafield tag="650" ind1=" " ind2=" ">
    <subfield code="e">Codice materia Spics: 1002</subfield>
  </datafield>
  <datafield tag="942" ind1=" " ind2=" ">
    <subfield code="c">BK</subfield>
  </datafield>
  <datafield tag="957" ind1=" " ind2=" ">
    <subfield code="7">1</subfield>
  </datafield>
  <datafield tag="999" ind1=" " ind2=" ">
    <subfield code="c">65136</subfield>
    <subfield code="d">65136</subfield>
  </datafield>
  <datafield tag="999" ind1=" " ind2=" ">
    <subfield code="b">SI</subfield>
  </datafield>
  <datafield tag="999" ind1=" " ind2=" ">
    <subfield code="g">1</subfield>
  </datafield>
  <datafield tag="952" ind1=" " ind2=" ">
    <subfield code="0">0</subfield>
    <subfield code="1">0</subfield>
    <subfield code="4">0</subfield>
    <subfield code="6">E_000000000000000_0168</subfield>
    <subfield code="7">1</subfield>
    <subfield code="a">SPICS</subfield>
    <subfield code="b">SPICS</subfield>
    <subfield code="d">2013-03-08</subfield>
    <subfield code="l">0</subfield>
    <subfield code="o">E0168</subfield>
    <subfield code="r">2013-03-08 00:00:00</subfield>
    <subfield code="w">2013-03-08</subfield>
    <subfield code="y">BK</subfield>
    <subfield code="z">Progressivo inserimento:  329 /  N. Volumi: 1 Copie: 1 Copia Rara: SI / data import: 1 marzo 2013 - By Epidotti, Trombetti, Vaglietti. </subfield>
  </datafield>
</record>
